Beatles Song Lyrics - Tile Select - Statistics

General Stats
  • This quiz has been taken 292 times
  • The average score is 26 of 45
Answer Stats
Question Tile Select % Correct
lyrics in "Lucy in the Sky with Diamonds" after No
86%
lyrics in "Let it Be" rain No
85%
lyrics in "Let it Be" brokenhearted Yes
83%
lyrics in "Lucy in the Sky with Diamonds" quickly No
82%
lyrics in "Lucy in the Sky with Diamonds" marmalade Yes
81%
Lyrics in "Octopus's Garden" yell No
81%
lyrics in "Let it Be" apart No
79%
lyrics in "Let it Be" forever No
77%
lyrics in "Let it Be" never No
76%
Lyrics in "Octopus's Garden" beneath Yes
75%
Lyrics in "Octopus's Garden" shade Yes
71%
lyrics in “Eleanor Rigby” gloves No
68%
lyrics in “Eleanor Rigby” why No
68%
lyrics in “Eleanor Rigby” nobody Yes
67%
lyrics in “Eleanor Rigby” wearing Yes
67%
lyrics in “Eleanor Rigby” jar Yes
66%
lyrics in "Let it Be" agree Yes
63%
lyrics in "Lucy in the Sky with Diamonds" picture Yes
62%
lyrics in “Eleanor Rigby” window Yes
62%
lyrics in “Eleanor Rigby” writing Yes
61%
lyrics in "Lucy in the Sky with Diamonds" turnstile Yes
57%
lyrics in "Lucy in the Sky with Diamonds" pies Yes
56%
lyrics in "Let it Be" tomorrow Yes
56%
lyrics in "Rocky Raccoon" Nancy Yes
54%
lyrics in "Lucy in the Sky with Diamonds" gone Yes
53%
lyrics in "Lucy in the Sky with Diamonds" smiles Yes
52%
lyrics in "Rocky Raccoon" bar No
51%
lyrics in "Rocky Raccoon" gin Yes
50%
Lyrics in "Octopus's Garden" coral Yes
47%
lyrics in "Rocky Raccoon" revival Yes
47%
lyrics in "Rocky Raccoon" South No
47%
lyrics in “Eleanor Rigby” dream Yes
44%
lyrics in "Rocky Raccoon" bed No
43%
Lyrics in "Octopus's Garden" dance Yes
43%
Lyrics in "Octopus's Garden" free No
43%
lyrics in "Lucy in the Sky with Diamonds" float No
42%
lyrics in “Eleanor Rigby” alone No
40%
lyrics in "Rocky Raccoon" fight No
40%
Lyrics in "Octopus's Garden" storm Yes
40%
lyrics in "Let it Be" wake Yes
40%
Lyrics in "Octopus's Garden" resting Yes
38%
lyrics in "Rocky Raccoon" pistol No
37%
lyrics in "Let it Be" cloudy Yes
36%
Lyrics in "Octopus's Garden" found Yes
35%
lyrics in "Rocky Raccoon" black Yes
33%
No matching quizzes found
Score Distribution
Percent of People with Each Score
Percentile by Number Answered
Your Score History
You have not taken this quiz